Movies Quiz

Random Movies or Word Play Quiz

'Pig'-ified Movie Titles Quiz Stats

 Plays Quiz Updated Apr 7, 2019

Score 0/20 Timer 05:00
2 Plays Today
% Correct
Swine-ing Nemo
93.2%
Abraham Lincoln: Hampire Hunter
92.7%
Robin Hoof: Ham in Tights
92.2%
Jurassic Pork
91.7%
Hamlet
90.9%
The Silence of the Hams
89.8%
The Hogfather
89.7%
Boar Christmases
89.2%
The Loin Ranger
89.1%
Walk the Swine
86.5%
% Correct
Boarrest Gump
85.2%
Pig Daddy
85.1%
Lard of the Rinds: The Fellowship of the Rind
85%
Little Chop of Horrors
81.8%
The Pig Lesowski
80.7%
Aporkalypse Sow
79.2%
The Bacon of Pelham 123
77.3%
Must Love Hogs
72.9%
New Pork Minute
71.4%
Porky Romano
61.5%

You're not logged in!

Compare scores with friends on all Sporcle quizzes.
OR
Log In

Sporcle TV

Today on Sporcle TV


Watch our educational content, quiz creation guides, and fun videos on Sporcle TV.

Show Comments

Extras

Top Quizzes Today


Score Distribution

Your Account Isn't Verified!

In order to create a playlist on Sporcle, you need to verify the email address you used during registration. Go to your Sporcle Settings to finish the process.

Report this User

Report this user for behavior that violates our Community Guidelines.

Details: